000 00552nam a2200145Ia 4500
008 090122s9999 xx 000 0 und d
082 _b6093
_a620.0954
100 _aनाडकर्णी
_bसुरेश
245 _aसदानंद : सुखीमाणसाचा सदरा
600 _aनाडकर्णी
630 _aसदानंद : सुखीमाणसाचा सदरा
700 _aनाडकर्णी
730 _aसदानंद : सुखीमाणसाचा सदरा
942 _cBOOK
999 _c30170
_d30170